000 00301nam a22001217a 4500
008 180226b xxu||||| |||| 00| 0 eng d
041 _aeng
080 _aL 021.00973
100 _a0
101 _aLIB
245 _aTHE LINCOLN LIBRARY OF EESENTIALS INFORMATION
_cABRAHAM.L
942 _2udc
_cBK
999 _c43487
_d43487